[Event "Hamburg-ch Seniors op 15th"]
[Site "Hamburg"]
[Date "2008.10.27"]
[Round "1"]
[White "Assmus, Edgar"]
[Black "Tost, Guenther"]
[Result "1-0"]
[WhiteElo "1734"]
[BlackElo "1404"]
[PlyCount "77"]
[EventDate "2008.10.27"]
[EventType "swiss"]
[EventRounds "9"]
[EventCountry "GER"]
[SourceTitle "EXT 2022"]
[Source "ChessBase"]
[SourceDate "2021.10.06"]
[SourceVersion "1"]
[SourceVersionDate "2021.10.06"]
[SourceQuality "1"]

1. d4 Nf6 2. c4 e6 3. Nf3 c5 4. e3 cxd4 5. exd4 Bb4+ 6. Bd2 Qa5 7. Qc2 Bxd2+ 8. Nbxd2 d6 9. Bd3 Nbd7 10. 0-0 Qc7 11. b4 b6 12. h3 Bb7 13. Rae1 d5 14. c5 Rc8 15. Nb3 h6 16. Re3 0-0 17. Rc1 Kh8 18. a4 a6 19. b5 axb5 20. axb5 bxc5 21. dxc5 Nb8 22. Ne5 Ne4 23. f4 Nd7 24. b6 Qd8 25. Bxe4 Nxe5 26. fxe5 dxe4 27. Qc3 Qe7 28. Na5 Ba8 29. c6 Bxc6 30. Nxc6 Qb7 31. Qc5 f5 32. exf6 Rxf6 33. Rxe4 Rf5 34. Qd6 Qxb6+ 35. Kh2 Qb2 36. Rg1 Qb6 37. Rxe6 Rcf8 38. Ne7 Qxd6+ 39. Rxd6 1-0

[Event "Hamburger Liga Aufstieg"]
[Site "Hamburg"]
[Date "2007.09.02"]
[Round "7.19"]
[White "Tost, Guenther"]
[Black "Mattiat, Kay"]
[Result "0-1"]
[WhiteElo "1346"]
[BlackElo "1588"]
[PlyCount "46"]
[EventDate "2007.08.13"]
[EventType "swiss"]
[EventRounds "7"]
[EventCountry "GER"]
[SourceTitle "EXT 2022"]
[Source "ChessBase"]
[SourceDate "2021.10.06"]
[SourceVersion "1"]
[SourceVersionDate "2021.10.06"]
[SourceQuality "1"]

1. d4 d5 2. e4 dxe4 3. Nc3 Bf5 4. f3 exf3 5. Nxf3 Nc6 6. Bb5 a6 7. Bxc6+ bxc6 8. 0-0 e6 9. Ne5 Ne7 10. Be3 f6 11. Nf3 Nd5 12. Qd2 Bb4 13. a3 Bxc3 14. bxc3 Nxe3 15. Qxe3 0-0 16. Nh4 Qd5 17. Nxf5 exf5 18. Qe7 Rfe8 19. Qxc7 Re2 20. Rf2 Rae8 21. Rxe2 Rxe2 22. Qc8+ Kf7 23. Qxa6 Qxg2# 0-1

[Event "Hamburger Liga Aufstieg"]
[Site "Hamburg"]
[Date "2007.09.01"]
[Round "6.18"]
[White "Zehner, Birte"]
[Black "Tost, Guenther"]
[Result "1-0"]
[WhiteElo "1606"]
[BlackElo "1346"]
[PlyCount "121"]
[EventDate "2007.08.13"]
[EventType "swiss"]
[EventRounds "7"]
[EventCountry "GER"]
[SourceTitle "EXT 2022"]
[Source "ChessBase"]
[SourceDate "2021.10.06"]
[SourceVersion "1"]
[SourceVersionDate "2021.10.06"]
[SourceQuality "1"]

1. e4 c5 2. Nc3 Nc6 3. f4 d6 4. Nf3 Nf6 5. g3 Bg4 6. h3 Bxf3 7. Qxf3 a6 8. Bg2 Nd4 9. Qd1 Rb8 10. 0-0 e6 11. d3 Be7 12. Ne2 Nxe2+ 13. Qxe2 0-0 14. c3 b5 15. Bd2 Qc7 16. Rac1 c4 17. d4 Nd7 18. e5 f6 19. exd6 Qxd6 20. f5 e5 21. Qg4 Rf7 22. Rcd1 Qb6 23. Bd5 Rbf8 24. Bxf7+ Rxf7 25. Kh2 Bd6 26. Qe4 Qb8 27. Rg1 Kf8 28. Be3 exd4 29. Bxd4 Re7 30. Qf3 Qe8 31. Rg2 Nc5 32. Bxc5 Bxc5 33. Qd5 Re5 34. Qd8 Rxf5 35. Qxe8+ Kxe8 36. Rgd2 Bb6 37. g4 Rf2+ 38. Rxf2 Bxf2 39. Rd6 a5 40. Ra6 b4 41. cxb4 axb4 42. Rc6 Bd4 43. Rxc4 Bxb2 44. Rxb4 Ba3 45. Rb7 Kf8 46. Ra7 Bc5 47. Ra8+ Kf7 48. a4 Ke6 49. a5 f5 50. gxf5+ Kxf5 51. a6 g5 52. a7 h5 53. Rf8+ Bxf8 54. a8Q Bd6+ 55. Kg2 h4 56. Qd5+ Be5 57. Kf3 Kf6 58. Kg4 Bf4 59. Kh5 Kg7 60. Qe6 Kf8 61. Qd7 1-0

[Event "Hamburger Liga Aufstieg"]
[Site "Hamburg"]
[Date "2007.08.19"]
[Round "3.16"]
[White "Tost, Guenther"]
[Black "Opasiak, Dustin Tennessee"]
[Result "1/2-1/2"]
[WhiteElo "1346"]
[BlackElo "1770"]
[PlyCount "65"]
[EventDate "2007.08.13"]
[EventType "swiss"]
[EventRounds "7"]
[EventCountry "GER"]
[SourceTitle "EXT 2022"]
[Source "ChessBase"]
[SourceDate "2021.10.06"]
[SourceVersion "1"]
[SourceVersionDate "2021.10.06"]
[SourceQuality "1"]

1. d4 d5 2. e4 e6 3. e5 Qd7 4. Nf3 b6 5. a4 a5 6. Be3 Ba6 7. Bd3 Ne7 8. 0-0 h5 9. Re1 Bxd3 10. Qxd3 Nf5 11. Nbd2 Nc6 12. Qb5 Nce7 13. Qxd7+ Kxd7 14. c4 g6 15. Rac1 Nxe3 16. Rxe3 Bh6 17. Rec3 Rhd8 18. cxd5 Nxd5 19. Rc4 Rac8 20. h4 Bf8 21. g3 c5 22. Ne4 Be7 23. dxc5 bxc5 24. Nxc5+ Ke8 25. Nb7 Rxc4 26. Rxc4 Rb8 27. Nxa5 Rxb2 28. Rc8+ Kd7 29. Rc4 Rb1+ 30. Kg2 Rb2 31. Kf1 Rb1+ 32. Ke2 Rb2+ 33. Kf1 1/2-1/2

[Event "Hamburger Liga Aufstieg"]
[Site "Hamburg"]
[Date "2007.08.13"]
[Round "1.17"]
[White "Soltau, Achim"]
[Black "Tost, Guenther"]
[Result "1-0"]
[WhiteElo "1941"]
[BlackElo "1346"]
[PlyCount "45"]
[EventDate "2007.08.13"]
[EventType "swiss"]
[EventRounds "7"]
[EventCountry "GER"]
[SourceTitle "EXT 2022"]
[Source "ChessBase"]
[SourceDate "2021.10.06"]
[SourceVersion "1"]
[SourceVersionDate "2021.10.06"]
[SourceQuality "1"]

1. c4 c5 2. Nf3 Nc6 3. e3 e5 4. Nc3 Nf6 5. d4 cxd4 6. exd4 exd4 7. Nxd4 Bb4 8. Nxc6 Bxc3+ 9. bxc3 bxc6 10. Be2 0-0 11. 0-0 Qa5 12. Qc2 Re8 13. Be3 Ba6 14. Bd4 Ne4 15. Bd3 d5 16. f3 Bxc4 17. Bxc4 Nxc3 18. Bd3 g6 19. Qxc3 Qxc3 20. Bxc3 Re3 21. Rad1 c5 22. Rfe1 Rae8 23. Bd2 1-0

[Event "Hamburg Robinow op"]
[Site "Hamburg"]
[Date "2005.10.05"]
[Round "5"]
[White "Tost, Guenther"]
[Black "Kolster, Jascha"]
[Result "0-1"]
[WhiteElo "1484"]
[BlackElo "1190"]
[PlyCount "52"]
[EventDate "2005.10.01"]
[EventType "swiss"]
[EventRounds "9"]
[EventCountry "GER"]
[SourceTitle "CBM 108 Extra"]
[Source "ChessBase"]
[SourceDate "2005.11.04"]
[SourceVersion "1"]
[SourceVersionDate "2005.11.04"]
[SourceQuality "1"]

1. d4 d5 2. e4 Nc6 3. e5 Bf5 4. Bb5 Qd7 5. c3 a6 6. Ba4 b5 7. Bb3 e6 8. h3 Nge7 9. Nf3 Rb8 10. Qe2 Ng6 11. Be3 Nd8 12. 0-0 Nb7 13. a3 c5 14. Nbd2 c4 15. Ba2 Bd3 16. Qd1 Bxf1 17. Nxf1 Be7 18. Ng3 0-0 19. Qd2 f6 20. exf6 Rxf6 21. Re1 Rbf8 22. Nh5 Rxf3 23. gxf3 Nh4 24. Qc2 e5 25. Bb1 g6 26. Bh6 Qxh3 0-1

[Event "Hamburg-ch qual"]
[Site "Hamburg"]
[Date "2003.11.15"]
[Round "6.18"]
[White "Biermann, Helge"]
[Black "Tost, Guenther"]
[Result "1-0"]
[WhiteElo "1727"]
[BlackElo "1438"]
[PlyCount "37"]
[EventDate "2003.10.18"]
[EventType "swiss"]
[EventRounds "7"]
[EventCountry "GER"]
[EventCategory "1"]
[SourceTitle "CBM 097 Extra"]
[Source "ChessBase"]
[SourceDate "2004.01.13"]
[SourceVersion "1"]
[SourceVersionDate "2004.01.13"]
[SourceQuality "1"]

1. c4 c5 2. Nc3 Nf6 3. e4 e5 4. d3 d6 5. f4 g6 6. Be2 Bd7 7. g4 h6 8. h3 Nc6 9. a3 Nd4 10. b4 cxb4 11. axb4 exf4 12. Bxf4 g5 13. Be3 Qb6 14. Rb1 Nc2+ 15. Qxc2 Qxe3 16. Nf3 Bxg4 17. hxg4 Nxg4 18. Rf1 Bg7 19. Nd5 1-0

[Event "Hamburg-ch qual"]
[Site "Hamburg"]
[Date "2003.11.09"]
[Round "5.17"]
[White "Tost, Guenther"]
[Black "Klawitter, Bernd"]
[Result "0-1"]
[WhiteElo "1438"]
[BlackElo "1546"]
[PlyCount "76"]
[EventDate "2003.10.18"]
[EventType "swiss"]
[EventRounds "7"]
[EventCountry "GER"]
[EventCategory "1"]
[SourceTitle "CBM 097 Extra"]
[Source "ChessBase"]
[SourceDate "2004.01.13"]
[SourceVersion "1"]
[SourceVersionDate "2004.01.13"]
[SourceQuality "1"]

1. d4 Nf6 2. Nf3 d5 3. e3 c6 4. c3 Bf5 5. Be2 e6 6. 0-0 Nbd7 7. Nbd2 Bd6 8. Nh4 Bg6 9. Nxg6 hxg6 10. f4 Qc7 11. Rf2 0-0-0 12. a4 g5 13. g3 gxf4 14. exf4 g5 15. Nf1 Ne4 16. Rg2 gxf4 17. g4 Rh3 18. Bf3 Rdh8 19. Qe2 Rxf3 20. Qxf3 Ng5 21. Qd3 Rh3 22. Rg3 Rxg3+ 23. hxg3 Ne4 24. c4 fxg3 25. Kg2 f5 26. c5 Bf4 27. gxf5 exf5 28. Qf3 Bxc1 29. Rxc1 f4 30. Re1 Ndf6 31. b4 Nf2 32. Re6 Qh7 33. Kg1 Nh3+ 34. Kg2 Ng5 35. Qxf4 Qh3+ 36. Kg1 Qxe6 37. Qxg5 Ne4 38. Nxg3 Nxg5 0-1

[Event "Hamburg-ch qual"]
[Site "Hamburg"]
[Date "2003.10.18"]
[Round "1.17"]
[White "Tost, Guenther"]
[Black "Krupa, Boguslaw"]
[Result "0-1"]
[WhiteElo "1438"]
[BlackElo "1906"]
[PlyCount "58"]
[EventDate "2003.10.18"]
[EventType "swiss"]
[EventRounds "7"]
[EventCountry "GER"]
[EventCategory "1"]
[SourceTitle "CBM 097 Extra"]
[Source "ChessBase"]
[SourceDate "2004.01.13"]
[SourceVersion "1"]
[SourceVersionDate "2004.01.13"]
[SourceQuality "1"]

1. Nf3 f5 2. c4 Nf6 3. Nc3 Nc6 4. e3 e5 5. d3 Bc5 6. Be2 0-0 7. 0-0 b6 8. a3 a5 9. Qb3 Kh8 10. Na4 Be7 11. Qc2 d6 12. Nc3 Be6 13. Bd2 Qd7 14. Rac1 Ng4 15. Nd5 Nd8 16. a4 Nf6 17. Nxe7 Qxe7 18. Bc3 Bd7 19. b3 Ne6 20. h3 f4 21. Nd2 c5 22. Bf3 Rad8 23. Rfe1 Qf7 24. Nf1 Ng5 25. Kh2 Nxf3+ 26. gxf3 Qh5 27. exf4 exf4 28. Re7 Bxh3 29. Qe2 Bxf1+ 0-1